| 000 | 00960nam a2200277 i 4500 | ||
|---|---|---|---|
| 005 | 20230403152007.0 | ||
| 008 | 230403s2017 enkk 000 0 eng d | ||
| 020 |
_a9780414058286 _qpaperback |
||
| 020 |
_a0414058283 _qpaperback |
||
| 041 | _aeng | ||
| 082 | 0 | 4 | _a343.41078624 |
| 245 | 0 | 0 |
_aWorks contractor collateral warranty for a funder 2016. _bWCWa/F 2016 |
| 264 | 1 |
_aLondon : _bThomson Reuters (Professional) UK Limited, trading as Sweet & Maxwell, _cJune 2017. |
|
| 300 |
_aii, 15 pages : _bforms ; _c30 cm |
||
| 336 |
_atext _2rdacontent |
||
| 337 |
_aunmediated _2rdamedia |
||
| 338 |
_avolume _2rdacarrier |
||
| 490 | _aJCT Contracts 2016 | ||
| 610 | 2 | 0 | _aJoint Contracts Tribunal. |
| 650 | 0 |
_aConstruction contracts _zGreat Britain. |
|
| 650 | 0 |
_aBuildings _xContracts and specifications _zGreat Britain. |
|
| 651 | _aUnited Kingdom | ||
| 710 | 2 |
_aJoint Contracts Tribunal, _eauthor. |
|
| 942 | _n0 | ||
| 999 |
_c121420 _d121420 |
||